[Event "Titled Tuesday intern op 19th Dec Early"]
[Site "Chess.com INT"]
[Date "2023.12.19"]
[Round "4"]
[White "Gong, Qianyun"]
[Black "Onischuk, Vladimir"]
[Result "1-0"]
[WhiteElo "2263"]
[BlackElo "2619"]
[PlyCount "69"]
[EventDate "2023.12.19"]
[EventType "swiss (blitz)"]
[EventRounds "11"]
[EventCountry "USA"]
[SourceTitle "CB52_2023"]
[SourceDate "2023.12.27"]
[SourceVersion "1"]
[SourceVersionDate "2023.12.27"]
[SourceQuality "1"]

1. e4 d6 2. Nc3 Nf6 3. f4 g6 4. Nf3 Bg7 5. Bc4 0-0 6. d3 c6 7. Bb3 d5 8. e5 Nh5 9. 0-0 f6 10. d4 Na6 11. Ne2 Nc7 12. h3 fxe5 13. fxe5 Ne6 14. g3 Bd7 15. Kh2 Qc7 16. c3 Rf7 17. Be3 Raf8 18. Neg1 Qb6 19. Qe2 a5 20. Rab1 Qc7 21. c4 a4 22. Bxa4 dxc4 23. Bc2 b5 24. b3 c3 25. b4 Nd8 26. Bb3 Be6 27. Ng5 Bxb3 28. axb3 Rxf1 29. Rxf1 Rxf1 30. Qxf1 Qa7 31. Qd3 Qa2+ 32. Ne2 Qxb3 33. g4 Qd5 34. gxh5 Bxe5+ 35. Kg1 1-0

[Event "Titled Tuesday intern op 12th Dec Early"]
[Site "Chess.com INT"]
[Date "2023.12.12"]
[Round "6"]
[White "Garrido, Denis"]
[Black "Gong, Qianyun"]
[Result "1-0"]
[WhiteElo "2227"]
[BlackElo "2263"]
[PlyCount "51"]
[EventDate "2023.12.12"]
[EventType "swiss (blitz)"]
[EventRounds "11"]
[EventCountry "USA"]
[SourceTitle "CB51_2023"]
[SourceDate "2023.12.20"]
[SourceVersion "1"]
[SourceVersionDate "2023.12.20"]
[SourceQuality "1"]

1. d4 d5 2. c4 c6 3. Nc3 Nf6 4. Bg5 Ne4 5. Nxe4 dxe4 6. Qd2 Bf5 7. e3 Nd7 8. Ne2 h6 9. Bh4 g5 10. Bg3 e6 11. h4 g4 12. 0-0-0 Qb6 13. c5 Qd8 14. Kb1 b6 15. Qc3 Bg7 16. cxb6 Qxb6 17. Bd6 Nf6 18. Rc1 Rc8 19. Qa3 Nd5 20. Nc3 Kd7 21. Na4 Ra8 22. Nxb6+ axb6 23. Ba6 b5 24. Rxc6 Kxc6 25. Rc1+ Kd7 26. Bxb5+ 1-0

[Event "Titled Tuesday intern op 12th Dec Early"]
[Site "Chess.com INT"]
[Date "2023.12.12"]
[Round "4"]
[White "Leve, Nitai D"]
[Black "Gong, Qianyun"]
[Result "1-0"]
[WhiteElo "2128"]
[BlackElo "2263"]
[PlyCount "121"]
[EventDate "2023.12.12"]
[EventType "swiss (blitz)"]
[EventRounds "11"]
[EventCountry "USA"]
[SourceTitle "CB51_2023"]
[SourceDate "2023.12.20"]
[SourceVersion "1"]
[SourceVersionDate "2023.12.20"]
[SourceQuality "1"]

1. e4 e6 2. d4 d5 3. e5 c5 4. c3 Nc6 5. Nf3 Nge7 6. Bd3 Nf5 7. Bxf5 exf5 8. 0-0 cxd4 9. cxd4 Be7 10. Nc3 Be6 11. Qb3 0-0 12. a3 a6 13. Qa2 Na5 14. b3 Rc8 15. Bd2 h6 16. Rfc1 Nc6 17. b4 b5 18. Ne2 g5 19. Ne1 f4 20. Nd3 f6 21. Rc2 Bf5 22. Qb3 fxe5 23. dxe5 Bxd3 24. Qxd3 Nxe5 25. Rxc8 Nxd3 26. Rxd8 Rxd8 27. Bc3 f3 28. gxf3 Rf8 29. Kg2 Nf4+ 30. Nxf4 Rxf4 31. Rd1 Rf5 32. Bd4 Kf7 33. Kg3 Bd6+ 34. Kg2 Ke6 35. Re1+ Kd7 36. Rc1 Rf4 37. Rd1 g4 38. fxg4 Rxg4+ 39. Kh3 h5 40. f3 Rf4 41. Kg2 Rh4 42. h3 Rf4 43. Be3 Rf5 44. Rd3 Ke6 45. Bd2 Rf7 46. Re3+ Kd7 47. Rd3 Rg7+ 48. Kf2 Bg3+ 49. Ke2 Kd6 50. f4 h4 51. Kf3 Rc7 52. f5 Ke5 53. f6 Rf7 54. Bg5 d4 55. Kg4 Ke4 56. Rd1 d3 57. Kh5 Rd7 58. Kg6 Kf3 59. f7 Rd8 60. Bxd8 Bd6 61. Rxd3+ 1-0

[Event "Titled Tuesday intern op 12th Dec Early"]
[Site "Chess.com INT"]
[Date "2023.12.12"]
[Round "2"]
[White "Nita, Lucian"]
[Black "Gong, Qianyun"]
[Result "1-0"]
[WhiteElo "2134"]
[BlackElo "2263"]
[PlyCount "193"]
[EventDate "2023.12.12"]
[EventType "swiss (blitz)"]
[EventRounds "11"]
[EventCountry "USA"]
[SourceTitle "CB51_2023"]
[SourceDate "2023.12.20"]
[SourceVersion "1"]
[SourceVersionDate "2023.12.20"]
[SourceQuality "1"]

1. e4 e6 2. d3 c5 3. Nd2 Nc6 4. Ngf3 g6 5. g3 Bg7 6. Bg2 Nge7 7. 0-0 0-0 8. c3 e5 9. Nc4 d6 10. a4 Kh8 11. Bd2 f5 12. Qc2 Be6 13. Rae1 fxe4 14. Rxe4 d5 15. Rxe5 Nxe5 16. Ncxe5 Nc6 17. d4 cxd4 18. Nxc6 bxc6 19. cxd4 Rc8 20. Bb4 Bf5 21. Qd2 Re8 22. Bc5 Qd7 23. Ne5 Bxe5 24. dxe5 Qe6 25. f4 Rc7 26. b4 h6 27. a5 Kh7 28. h4 Rf7 29. Kh2 Rg8 30. Qd4 g5 31. fxg5 hxg5 32. Bxa7 Qh6 33. Bh3 Bg6 34. Rxf7+ Bxf7 35. e6 Bg6 36. e7 Re8 37. Bc5 gxh4 38. Qxh4 Bh5 39. Bf5+ Kg7 40. Bd4+ Kg8 41. Qf6 Qd2+ 42. Kh3 Rxe7 43. Qh8+ Kf7 44. Qh7+ Ke8 45. Qxh5+ Kd8 46. Bf6 Qe1 47. Qh8+ Kc7 48. Bxe7 Qh1+ 49. Kg4 Qxh8 50. Bc5 Qg7+ 51. Kf4 Qc3 52. g4 Qd2+ 53. Ke5 Qe2+ 54. Kf6 Qe8 55. a6 Qf8+ 56. Ke5 Qe8+ 57. Be6 Qh8+ 58. Kf4 Qf6+ 59. Bf5 Qb2 60. a7 Qd2+ 61. Ke5 Qh2+ 62. Kf6 Qh8+ 63. Kf7 Qa8 64. g5 Kb7 65. g6 Qd8 66. g7 Qc7+ 67. Kf6 Qd8+ 68. Kf7 Qc7+ 69. Be7 Qe5 70. Be6 Qf4+ 71. Bf6 Qxb4 72. g8Q Kxa7 73. Qc8 Qf4 74. Qd7+ Kb6 75. Ke7 Qb4+ 76. Qd6 Qxd6+ 77. Kxd6 Kb5 78. Bd4 Kc4 79. Bc5 Kb5 80. Bd7 Kc4 81. Bxc6 d4 82. Bd5+ Kd3 83. Ke5 Kc3 84. Bxd4+ Kb4 85. Kd6 Kb5 86. Kc7 Ka6 87. Kc6 Ka5 88. Kc5 Ka6 89. Bc4+ Ka7 90. Kd6+ Kb7 91. Kd7 Kb8 92. Kc6 Ka8 93. Be6 Kb8 94. Kb6 Ka8 95. Bc5 Kb8 96. Bd6+ Ka8 97. Bd5# 1-0

[Event "Asian Games (Women)"]
[Site "Hangzhou"]
[Date "2023.09.26"]
[Round "5"]
[White "Gong, Qianyun"]
[Black "Omonova, Umida"]
[Result "0-1"]
[WhiteElo "2263"]
[BlackElo "2147"]
[PlyCount "104"]
[EventDate "2023.09.24"]
[EventType "swiss (rapid)"]
[EventRounds "9"]
[EventCountry "CHN"]
[SourceTitle "EXT 2024"]
[Source "ChessBase"]
[SourceDate "2023.10.10"]
[SourceVersion "1"]
[SourceVersionDate "2023.10.10"]
[SourceQuality "1"]

1. e4 e5 2. Nf3 Nc6 3. Bc4 Bc5 4. d3 Nf6 5. Nc3 a6 6. Be3 Be7 7. Bg5 d6 8. a4 h6 9. Bxf6 Bxf6 10. Nd5 Be6 11. c3 g6 12. b4 Bg7 13. h4 0-0 14. h5 Qd7 15. Qb3 b5 16. hxg6 bxc4 17. gxf7+ Qxf7 18. dxc4 Ne7 19. 0-0-0 Nxd5 20. cxd5 Bg4 21. Rd3 Qg6 22. Qc4 a5 23. b5 Rac8 24. Re3 h5 25. Kb1 Bh6 26. Ree1 Rf4 27. Nh4 Qg5 28. f3 Bd7 29. g3 Rf7 30. Rhg1 Kh7 31. Re2 Rg7 32. Ka2 Rf8 33. Qd3 Qf6 34. Rh2 Rfg8 35. g4 hxg4 36. Nf5 Bxf5 37. Rgh1 g3 38. Rxh6+ Qxh6 39. Rxh6+ Kxh6 40. exf5 g2 41. Qe4 Kh5 42. f6 g1Q 43. fxg7 Rxg7 44. Qf5+ Kh4 45. Qf6+ Qg5 46. Qf8 Kg3 47. Kb3 Rh7 48. b6 cxb6 49. Qxd6 Rh1 50. Kc4 Rb1 51. Qe6 Qf4+ 52. Kd3 Qxf3+ 0-1

[Event "Asian Games (Women)"]
[Site "Hangzhou"]
[Date "2023.09.24"]
[Round "2"]
[White "Harika, Dronavalli"]
[Black "Gong, Qianyun"]
[Result "1-0"]
[WhiteElo "2502"]
[BlackElo "2263"]
[PlyCount "113"]
[EventDate "2023.09.24"]
[EventType "swiss (rapid)"]
[EventRounds "9"]
[EventCountry "CHN"]
[SourceTitle "EXT 2024"]
[Source "ChessBase"]
[SourceDate "2023.10.10"]
[SourceVersion "1"]
[SourceVersionDate "2023.10.10"]
[SourceQuality "1"]

1. c4 c6 2. Nf3 Nf6 3. g3 d5 4. Bg2 Bf5 5. Qb3 Qb6 6. d3 e6 7. Be3 Qxb3 8. axb3 a6 9. Bd4 Nbd7 10. Bc3 Be7 11. Nbd2 0-0 12. b4 Rfe8 13. c5 e5 14. Nxe5 Nxe5 15. Bxe5 Ng4 16. Bd4 Bxd3 17. Bf3 Bf6 18. Bxf6 Nxf6 19. Ra3 Bb5 20. Nb3 Nd7 21. e3 Ne5 22. Be2 Bxe2 23. Kxe2 Nc4 24. Ra2 Re7 25. Rd1 Rae8 26. Nd4 g6 27. Nc2 f5 28. Rd4 Ne5 29. h3 g5 30. Ne1 Ng6 31. b3 f4 32. gxf4 gxf4 33. Nc2 Rf8 34. Kd3 fxe3 35. fxe3 Rf3 36. Rg4 Kh8 37. Kc3 Rxh3 38. Ra1 Ne5 39. Rf4 Ng6 40. Rg4 Rf7 41. Rag1 Rf2 42. R1g3 Rf3 43. Rg2 Kg7 44. Kb2 Kf6 45. Kc3 Nf4 46. Rd2 Ne6 47. Kb2 h5 48. Rg8 Ke5 49. Re8 Rf8 50. Re7 Kf6 51. Rxb7 Ke5 52. Re7 Kf6 53. Ra7 Ke5 54. Rxa6 Nd8 55. Ra7 Rh8 56. Rf2 Ke4 57. Re7+ 1-0

[Event "Asian Continental (Women) op 20th"]
[Site "Almaty"]
[Date "2023.06.11"]
[Round "9"]
[White "Nurgali, Nazerke"]
[Black "Gong, Qianyun"]
[Result "0-1"]
[WhiteElo "2210"]
[BlackElo "2257"]
[PlyCount "52"]
[EventDate "2023.06.04"]
[EventType "swiss"]
[EventRounds "9"]
[EventCountry "KAZ"]
[SourceTitle "CBM 214 Extra"]
[Source "ChessBase"]
[SourceDate "2023.07.31"]
[SourceVersion "1"]
[SourceVersionDate "2023.07.31"]
[SourceQuality "1"]

1. d4 e6 2. c4 f5 3. Nc3 Nf6 4. Bg5 Be7 5. e3 0-0 6. Bd3 d6 7. Nf3 Nbd7 8. Qe2 h6 9. Bxf6 Nxf6 10. h3 c6 11. 0-0-0 Bd7 12. Rhg1 b5 13. cxb5 cxb5 14. Nxb5 Qa5 15. Nc3 Rab8 16. Rd2 Ne4 17. Bxe4 fxe4 18. Ne1 Rfc8 19. Rc2 d5 20. g4 Ba3 21. Qd2 Rxb2 22. Rxb2 Rxc3+ 23. Kb1 Bxb2 24. Qxb2 Rc6 25. Ka1 Qc7 26. Ng2 Rc2 0-1

[Event "Asian Continental (Women) op 20th"]
[Site "Almaty"]
[Date "2023.06.09"]
[Round "7"]
[White "Chitlange, Sakshi"]
[Black "Gong, Qianyun"]
[Result "1-0"]
[WhiteElo "2225"]
[BlackElo "2257"]
[PlyCount "62"]
[EventDate "2023.06.04"]
[EventType "swiss"]
[EventRounds "9"]
[EventCountry "KAZ"]
[SourceTitle "CBM 214 Extra"]
[Source "ChessBase"]
[SourceDate "2023.07.31"]
[SourceVersion "1"]
[SourceVersionDate "2023.07.31"]
[SourceQuality "1"]

1. d4 Nf6 2. c4 b6 3. Nc3 Bb7 4. d5 e6 5. a3 Bd6 6. Nf3 0-0 7. g3 c6 8. Bg2 h6 9. 0-0 Re8 10. Nd4 Bf8 11. e4 c5 12. Nf3 exd5 13. exd5 d6 14. Nh4 a6 15. a4 Bc8 16. Qc2 Ra7 17. Bd2 Rae7 18. b3 g6 19. h3 Bg7 20. Kh2 Nbd7 21. Rad1 Nf8 22. f4 Bd7 23. Qd3 Qc8 24. Rc1 N8h7 25. Rf2 Qd8 26. Rcf1 Bc8 27. Bf3 Qd7 28. Bg2 Nh5 29. g4 N5f6 30. g5 hxg5 31. fxg5 Nh5 1-0

[Event "Asian Continental blitz (Women) op 20th"]
[Site "Almaty"]
[Date "2023.06.03"]
[Round "8"]
[White "Balabayeva, Kseniya"]
[Black "Gong, Qianyun"]
[Result "1-0"]
[WhiteElo "2186"]
[BlackElo "2247"]
[PlyCount "70"]
[EventDate "2023.06.03"]
[EventType "swiss (blitz)"]
[EventRounds "9"]
[EventCountry "KAZ"]
[SourceTitle "CBM 214 Extra"]
[Source "ChessBase"]
[SourceDate "2023.07.31"]
[SourceVersion "1"]
[SourceVersionDate "2023.07.31"]
[SourceQuality "1"]

1. e4 e6 2. d4 d5 3. Nd2 Be7 4. Ngf3 Nf6 5. e5 Nfd7 6. Bd3 c5 7. c3 Nc6 8. 0-0 g5 9. Nb1 g4 10. Ne1 h5 11. Nc2 Qb6 12. Be2 f6 13. dxc5 Bxc5 14. b4 Be7 15. Be3 Qc7 16. exf6 Nxf6 17. Nd2 Bd7 18. Nb3 a6 19. Nc5 0-0-0 20. a4 Bxc5 21. Bxc5 e5 22. b5 Ne4 23. bxc6 Bxc6 24. Be3 Nxc3 25. Qd2 d4 26. Qd3 Be4 27. Qc4 Nxe2+ 28. Qxe2 Bxc2 29. Bg5 d3 30. Qd2 Rde8 31. Ra3 e4 32. Rc3 Qxc3 33. Qxc3+ Kb8 34. Bf4+ Ka8 35. Be3 Rc8 1-0

[Event "Asian Continental blitz (Women) op 20th"]
[Site "Almaty"]
[Date "2023.06.03"]
[Round "4"]
[White "Gong, Qianyun"]
[Black "Khamdamova, Afruza"]
[Result "1/2-1/2"]
[WhiteElo "2247"]
[BlackElo "2162"]
[PlyCount "129"]
[EventDate "2023.06.03"]
[EventType "swiss (blitz)"]
[EventRounds "9"]
[EventCountry "KAZ"]
[SourceTitle "CBM 214 Extra"]
[Source "ChessBase"]
[SourceDate "2023.07.31"]
[SourceVersion "1"]
[SourceVersionDate "2023.07.31"]
[SourceQuality "1"]

1. e4 e5 2. Nf3 Nf6 3. Nxe5 d6 4. Nf3 Nxe4 5. d3 Nf6 6. d4 d5 7. Bd3 Bd6 8. 0-0 0-0 9. Re1 h6 10. Ne5 Nc6 11. c3 Re8 12. Bf4 Nd7 13. Qh5 Qf6 14. Bg5 Qe6 15. Nd2 Ndxe5 16. dxe5 Bf8 17. Bf4 Qg4 18. Qxg4 Bxg4 19. h3 Bd7 20. Nf3 Ne7 21. e6 Bxe6 22. Bxc7 Nc6 23. Bg3 Bc5 24. Rad1 Rad8 25. b4 Bb6 26. a4 a5 27. b5 Ne7 28. Nd4 Bc8 29. Bh4 g5 30. Bg3 Ng6 31. Nf5 Bxf5 32. Bxf5 Ne7 33. Bg4 Kg7 34. Bh5 Ng6 35. Bf3 Nf4 36. Bxf4 gxf4 37. Rxe8 Rxe8 38. Bxd5 Rd8 39. c4 Bc5 40. Kf1 b6 41. Rd3 Kf6 42. g3 fxg3 43. fxg3 Re8 44. Rf3+ Ke5 45. Rxf7 Kd4 46. Rf3 Bb4 47. Kg2 Re2+ 48. Rf2 Re7 49. h4 Rg7 50. Kh3 Bd6 51. Rg2 h5 52. g4 hxg4+ 53. Rxg4+ Rxg4 54. Kxg4 Ke5 55. Kg5 Be7+ 56. Kg4 Kf6 57. h5 Bc5 58. Kf4 Bd6+ 59. Ke4 Bc5 60. Bg8 Kg5 61. Bf7 Kh6 62. Kd5 Be3 63. Kc6 Bc5 64. Kd5 Be3 65. Ke4 1/2-1/2

[Event "Asia zt 3.3 (Women)"]
[Site "Jakarta"]
[Date "2023.05.07"]
[Round "2"]
[White "Sukandar, Irine Kharisma"]
[Black "Gong, Qianyun"]
[Result "1-0"]
[WhiteElo "2390"]
[BlackElo "2247"]
[PlyCount "123"]
[EventDate "2023.05.06"]
[EventType "swiss"]
[EventRounds "9"]
[EventCountry "INA"]
[SourceTitle "CBM 214 Extra"]
[Source "ChessBase"]
[SourceDate "2023.07.31"]
[SourceVersion "1"]
[SourceVersionDate "2023.07.31"]
[SourceQuality "1"]

1. d4 d5 2. c4 c6 3. Nf3 Nf6 4. e3 Bf5 5. Nc3 e6 6. Nh4 Be4 7. f3 Bg6 8. Qb3 Qc7 9. cxd5 cxd5 10. Nxg6 hxg6 11. Bd2 Nc6 12. 0-0-0 a6 13. Kb1 Bd6 14. Bd3 0-0 15. h4 Na5 16. Qc2 b5 17. e4 b4 18. e5 bxc3 19. Bxc3 Rfc8 20. exd6 Qxd6 21. g4 Nc4 22. Rc1 Rab8 23. Bxc4 Rxc4 24. h5 gxh5 25. g5 Nh7 26. Rxh5 g6 27. Rh6 Kg7 28. Qd2 Qg3 29. f4 Nf8 30. Ka1 Rbc8 31. Rhh1 Nd7 32. Rcg1 Qf3 33. Qh2 Kf8 34. Rf1 Qd3 35. Rd1 Rxc3 36. bxc3 Qxc3+ 37. Qb2 Ke7 38. Rc1 Qxb2+ 39. Kxb2 Rb8+ 40. Kc3 Nb6 41. Rb1 Rc8+ 42. Kd3 Rc6 43. Rh8 Kd6 44. Rd8+ Ke7 45. Rb8 Nc8 46. R1b7+ Kf8 47. Rb3 Ke7 48. R3b7+ Kf8 49. a4 Kg7 50. Rd7 a5 51. Rbb7 Nd6 52. Ra7 Rb6 53. Rxa5 Ne4 54. Raa7 Rb2 55. Rxf7+ Kg8 56. Rg7+ Kf8 57. Rgb7 Nf2+ 58. Ke3 Ng4+ 59. Kf3 Nh2+ 60. Kg3 Nf1+ 61. Kg4 Nh2+ 62. Kh3 1-0

[Event "Asia zt 3.3 (Women)"]
[Site "Jakarta"]
[Date "2023.05.06"]
[Round "1"]
[White "Gong, Qianyun"]
[Black "Walukow, Theodora Paulina"]
[Result "1-0"]
[WhiteElo "2247"]
[BlackElo "1814"]
[PlyCount "99"]
[EventDate "2023.05.06"]
[EventType "swiss"]
[EventRounds "9"]
[EventCountry "INA"]
[SourceTitle "CBM 214 Extra"]
[Source "ChessBase"]
[SourceDate "2023.07.31"]
[SourceVersion "1"]
[SourceVersionDate "2023.07.31"]
[SourceQuality "1"]

1. e4 e5 2. Nf3 Nc6 3. Bc4 Nf6 4. d3 Bc5 5. Bg5 d6 6. a4 h6 7. Bh4 0-0 8. c3 a6 9. Nbd2 Be6 10. b4 Ba7 11. 0-0 g5 12. Bg3 Bg4 13. Kh1 Ne7 14. Bb3 Kg7 15. Nc4 Nh5 16. h3 Nxg3+ 17. fxg3 Bh5 18. g4 Bg6 19. Qe2 f6 20. Ne3 h5 21. gxh5 Bxh5 22. Qd2 Bg6 23. Be6 c6 24. c4 Ng8 25. Nf5+ Kh8 26. d4 Qe8 27. d5 Rd8 28. b5 cxd5 29. Bxd5 Ne7 30. Nxe7 Qxe7 31. Rab1 axb5 32. cxb5 Bc5 33. a5 Kg7 34. a6 bxa6 35. bxa6 Rb8 36. Rb7 Rxb7 37. axb7 Rb8 38. Rb1 Bf7 39. Qd3 Qd7 40. Nh2 Bd4 41. Qb3 Bc5 42. Bxf7 Qxf7 43. Qb5 Qc7 44. Ng4 Bd4 45. Qf1 Qf7 46. Qf5 Bc5 47. Kh2 Qg6 48. Qd7+ Kh8 49. Qc8+ Qg8 50. Qxg8+ 1-0

[Event "Wch Blitz (Women)"]
[Site "Almaty"]
[Date "2022.12.30"]
[Round "12"]
[White "Fataliyeva, Ulviyya Hasil Qizi"]
[Black "Gong, Qianyun"]
[Result "0-1"]
[WhiteElo "2322"]
[BlackElo "2199"]
[PlyCount "108"]
[EventDate "2022.12.29"]
[EventType "swiss (blitz)"]
[EventRounds "17"]
[EventCountry "KAZ"]
[SourceTitle "CBM 211 Extra"]
[Source "ChessBase"]
[SourceDate "2023.01.31"]
[SourceVersion "1"]
[SourceVersionDate "2023.01.31"]
[SourceQuality "1"]

1. d4 d5 2. Nc3 Nf6 3. Bf4 e6 4. e3 Bb4 5. a3 Bxc3+ 6. bxc3 0-0 7. Bd3 c5 8. c4 cxd4 9. exd4 dxc4 10. Bxc4 Nc6 11. Nf3 Nd5 12. Bg5 Qc7 13. Bd3 f6 14. Bd2 Nf4 15. Bxf4 Qxf4 16. 0-0 e5 17. d5 Ne7 18. d6 Nc6 19. Qe2 Bg4 20. c3 Rad8 21. Bc4+ Kh8 22. Rad1 e4 23. Qd2 Qxd2 24. Nxd2 Bxd1 25. Rxd1 Rxd6 26. Kf1 Rfd8 27. Ke2 f5 28. f3 Ne5 29. Bb3 exf3+ 30. gxf3 Nd3 31. Rg1 Nf4+ 32. Ke3 Rxd2 33. Kxf4 g6 34. h4 Kg7 35. Re1 R8d7 36. Re8 Rb2 37. Be6 Rc7 38. Rg8+ Kh6 39. c4 Ra2 40. Rf8 Rxa3 41. h5 Re7 42. Bd5 Kxh5 43. Rb8 b6 44. Rh8 Kh6 45. Rf8 Ra1 46. Bg8 Rd1 47. Bd5 Rd4+ 48. Kg3 a5 49. Rf6 a4 50. Rxb6 Ra7 51. Bg8 a3 52. c5 a2 53. Bxa2 Rxa2 54. c6 Rc2 0-1

[Event "Wch Blitz (Women)"]
[Site "Almaty"]
[Date "2022.12.30"]
[Round "17"]
[White "Tokhirjonova, Gulruhbegim"]
[Black "Gong, Qianyun"]
[Result "0-1"]
[WhiteElo "2236"]
[BlackElo "2199"]
[PlyCount "74"]
[EventDate "2022.12.29"]
[EventType "swiss (blitz)"]
[EventRounds "17"]
[EventCountry "KAZ"]
[SourceTitle "CBM 211 Extra"]
[Source "ChessBase"]
[SourceDate "2023.01.31"]
[SourceVersion "1"]
[SourceVersionDate "2023.01.31"]
[SourceQuality "1"]

1. e4 e6 2. d4 d5 3. e5 c5 4. c3 Nc6 5. Nf3 Nge7 6. Na3 cxd4 7. cxd4 Nf5 8. Nc2 Qb6 9. Bd3 Bd7 10. Bxf5 exf5 11. 0-0 h6 12. Rb1 Be6 13. b4 Be7 14. a4 Qd8 15. Nfe1 Rc8 16. Nd3 b6 17. Bd2 g5 18. a5 f4 19. axb6 axb6 20. b5 Na5 21. Bxa5 bxa5 22. Qd2 Qb6 23. Rb2 0-0 24. Ra1 Bf5 25. h3 Rc4 26. Rxa5 Rfc8 27. Ra6 Qb7 28. Rxh6 Bg6 29. h4 Kg7 30. hxg5 Bxg5 31. Rh1 Rc3 32. Nc5 R8xc5 33. dxc5 Rxc5 34. Nd4 Qc7 35. b6 Qc8 36. e6 Rc1+ 37. Kh2 Qh8# 0-1

[Event "Wch Blitz (Women)"]
[Site "Almaty"]
[Date "2022.12.29"]
[Round "9"]
[White "Gong, Qianyun"]
[Black "Bivol, Alina"]
[Result "1-0"]
[WhiteElo "2199"]
[BlackElo "2301"]
[PlyCount "65"]
[EventDate "2022.12.29"]
[EventType "swiss (blitz)"]
[EventRounds "17"]
[EventCountry "KAZ"]
[SourceTitle "CBM 211 Extra"]
[Source "ChessBase"]
[SourceDate "2023.01.31"]
[SourceVersion "1"]
[SourceVersionDate "2023.01.31"]
[SourceQuality "1"]

1. e4 e6 2. d4 d5 3. e5 c5 4. c3 Nc6 5. Nf3 Bd7 6. Bd3 Qb6 7. 0-0 cxd4 8. Re1 a6 9. Nbd2 dxc3 10. bxc3 Bc5 11. Qe2 Nge7 12. Nb3 Na5 13. Nxc5 Qxc5 14. Be3 Qc7 15. a4 Nc4 16. Bd4 h6 17. Nd2 Nc6 18. Bxc4 Nxd4 19. cxd4 dxc4 20. Nxc4 0-0 21. Nd6 Bc6 22. a5 Rad8 23. Rec1 Rxd6 24. exd6 Qxd6 25. Qe5 Qd7 26. Ra3 f6 27. Qf4 Rd8 28. Re3 Qd5 29. Qg3 Kf7 30. h4 Qxa5 31. Rce1 Bd5 32. h5 Qd2 33. Qc7+ 1-0

[Event "Wch Rapid (Women)"]
[Site "Almaty"]
[Date "2022.12.27"]
[Round "8"]
[White "Gong, Qianyun"]
[Black "Paehtz, Elisabeth"]
[Result "1-0"]
[WhiteElo "2315"]
[BlackElo "2369"]
[PlyCount "103"]
[EventDate "2022.12.26"]
[EventType "swiss (rapid)"]
[EventRounds "11"]
[EventCountry "KAZ"]
[SourceTitle "CBM 211 Extra"]
[Source "ChessBase"]
[SourceDate "2023.01.31"]
[SourceVersion "1"]
[SourceVersionDate "2023.01.31"]
[SourceQuality "1"]

1. e4 c5 2. Nc3 d6 3. f4 g6 4. Nf3 Bg7 5. Bc4 e6 6. 0-0 Ne7 7. d4 cxd4 8. Nxd4 0-0 9. Bb3 a6 10. Be3 Nbc6 11. a4 d5 12. e5 Qc7 13. Nce2 Bd7 14. c3 Na5 15. Bc2 Nc4 16. Bc1 f6 17. exf6 Bxf6 18. b3 Nd6 19. Ba3 Rfe8 20. Kh1 Rac8 21. Rf3 Nf7 22. Rg3 Bg7 23. Re3 Nf5 24. Bxf5 exf5 25. Rd3 Re4 26. Rc1 Rce8 27. Qf1 Qb8 28. g3 b5 29. a5 b4 30. Bxb4 Bb5 31. Nxb5 Qxb5 32. Ng1 Nh6 33. h3 Qb7 34. Kh2 d4 35. Bc5 dxc3 36. b4 Nf7 37. Rdxc3 Bxc3 38. Rxc3 Re1 39. Qc4 R8e4 40. Bd4 Re8 41. Rc2 R1e4 42. Qc3 Nd6 43. Be5 Nb5 44. Qd3 Qf7 45. Nf3 h6 46. Rc6 Kh7 47. h4 Rxb4 48. h5 gxh5 49. Rf6 Qxf6 50. Bxf6 Kg6 51. Be5 Re4 52. Qd7 1-0